[Event "Aragon-ch Primera"]
[Site "Spain"]
[Date "2009.??.??"]
[Round "7"]
[White "Biarge, Jorge"]
[Black "Juni Pardos, Marcos"]
[Result "0-1"]
[WhiteElo "1686"]
[BlackElo "1808"]
[PlyCount "48"]
[EventDate "2009.??.??"]
[EventType "swiss"]
[EventRounds "9"]
[EventCountry "ESP"]
[SourceTitle "EXT 2013"]
[Source "ChessBase"]
[SourceDate "2012.11.22"]
[SourceVersion "1"]
[SourceVersionDate "2012.11.22"]
[SourceQuality "1"]

1. e4 d5 2. exd5 Qxd5 3. Nc3 Qa5 4. Nf3 Nf6 5. Bc4 Bg4 6. h3 Bh5 7. Qe2 e6 8. a3 c6 9. 0-0 Be7 10. b4 Qc7 11. Bb2 Nbd7 12. b5 Bxf3 13. Qxf3 Ne5 14. Qg3 Nh5 15. Qh2 Bd6 16. b6 Qd8 17. Nb5 Nf3+ 18. gxf3 Bxh2+ 19. Kxh2 cxb5 20. Bxb5+ Ke7 21. Bc3 f6 22. Rfe1 Nf4 23. Re4 Nd5 24. Rae1 Qd6+ 0-1

[Event "Aragon-ch Primera"]
[Site "Spain"]
[Date "2009.??.??"]
[Round "5"]
[White "Biarge, Jorge"]
[Black "Laborda, Oscar"]
[Result "1-0"]
[WhiteElo "1686"]
[BlackElo "1668"]
[PlyCount "35"]
[EventDate "2009.??.??"]
[EventType "swiss"]
[EventRounds "9"]
[EventCountry "ESP"]
[SourceTitle "EXT 2013"]
[Source "ChessBase"]
[SourceDate "2012.11.22"]
[SourceVersion "1"]
[SourceVersionDate "2012.11.22"]
[SourceQuality "1"]

1. e4 c6 2. Nf3 d5 3. Nc3 dxe4 4. Nxe4 Bf5 5. Bd3 e6 6. Qe2 Nd7 7. b3 Nc5 8. Nxc5 Bxd3 9. Nxd3 Be7 10. Bb2 Nf6 11. g4 h6 12. 0-0-0 Rg8 13. Rhg1 Qa5 14. Kb1 0-0-0 15. Nfe5 Rgf8 16. Nxf7 Rd7 17. Qxe6 Bd6 18. Nxd6+ 1-0

[Event "Aragon-ch Primera"]
[Site "Spain"]
[Date "2009.??.??"]
[Round "2"]
[White "Martinez Sanchez, Pedro Jose"]
[Black "Biarge, Jorge"]
[Result "0-1"]
[WhiteElo "1735"]
[BlackElo "1686"]
[PlyCount "76"]
[EventDate "2009.??.??"]
[EventType "swiss"]
[EventRounds "9"]
[EventCountry "ESP"]
[SourceTitle "EXT 2013"]
[Source "ChessBase"]
[SourceDate "2012.11.22"]
[SourceVersion "1"]
[SourceVersionDate "2012.11.22"]
[SourceQuality "1"]

1. d4 Nf6 2. Nf3 d5 3. e3 Bg4 4. Bd3 Nbd7 5. Nbd2 e5 6. e4 dxe4 7. Nxe4 exd4 8. h3 Nxe4 9. Bxe4 Nc5 10. hxg4 Nxe4 11. Qxd4 Qxd4 12. Nxd4 Bb4+ 13. Ke2 0-0-0 14. Be3 h6 15. c3 Bc5 16. Rh5 Rhe8 17. Kd3 Bxd4 18. cxd4 Nf6 19. Rf5 Re6 20. g5 hxg5 21. Rxg5 g6 22. Rc1 Nd5 23. a3 f5 24. g3 Rde8 25. Re1 Rb6 26. b4 Ra6 27. Kd2 Nf6 28. Ra1 Ne4+ 29. Kd3 Nxg5 30. Bxg5 Rae6 31. Bf4 Re2 32. Be3 R8xe3+ 33. fxe3 Rg2 34. Re1 Rxg3 35. Kc4 c6 36. a4 Kd7 37. d5 Rg4+ 38. Kc5 b6# 0-1

[Event "Aragon-ch Primera"]
[Site "Spain"]
[Date "2009.??.??"]
[Round "6"]
[White "Tirapo Larcuen, Ana"]
[Black "Biarge, Jorge"]
[Result "0-1"]
[WhiteElo "1932"]
[BlackElo "1686"]
[PlyCount "46"]
[EventDate "2009.??.??"]
[EventType "swiss"]
[EventRounds "9"]
[EventCountry "ESP"]
[SourceTitle "EXT 2013"]
[Source "ChessBase"]
[SourceDate "2012.11.22"]
[SourceVersion "1"]
[SourceVersionDate "2012.11.22"]
[SourceQuality "1"]

1. e4 c5 2. Nc3 Nc6 3. g3 Nf6 4. Bg2 d6 5. f4 Bg4 6. Nf3 Nd4 7. h3 Nxf3+ 8. Bxf3 Bxf3 9. Qxf3 e6 10. d3 Be7 11. Bd2 b5 12. Nxb5 Rb8 13. Nxa7 Qb6 14. e5 Nd5 15. c4 Qxb2 16. Ke2 Nc3+ 17. Ke3 0-0 18. Bxc3 Qxc3 19. Nc6 Rb2 20. Rhd1 f5 21. Nxe7+ Kh8 22. Nc6 dxe5 23. Rac1 Qd4+ 0-1